Gene structure and function in higher plants (Record no. 39681)
[ view plain ]
| 000 -LEADER | |
|---|---|
| fixed length control field | 00465nam a2200145Ia 4500 |
| 082 ## - DEWEY DECIMAL CLASSIFICATION NUMBER | |
| Classification number | 575.113+58/581 |
| Item number | RED;1 |
| 100 ## - MAIN ENTRY--AUTHOR NAME | |
| Personal name | COE, E M |
| 245 #0 - TITLE STATEMENT | |
| Title | Gene structure and function in higher plants |
| 260 ## - PUBLICATION, DISTRIBUTION, ETC. (IMPRINT) | |
| Place of publication | New Delhi |
| Name of publisher | Oxford& IBH |
| Year of publication | 1986 |
| 505 ## - FORMATTED CONTENTS NOTE | |
| Formatted contents note | Proceedings of the international symposium held at Hyderabad, India, December 7-9,1983 |
| 650 ## - SUBJECT ADDED ENTRY--TOPICAL TERM | |
| Topical Term | Somatic cell genetics |
| 700 ## - ADDED ENTRY--PERSONAL NAME | |
| Personal name | REDDY, G M |
| 942 ## - ADDED ENTRY ELEMENTS (KOHA) | |
| Koha item type | Books |
| Withdrawn status | Lost status | Damaged status | Not for loan | Home library | Current library | Date acquired | Full call number | Accession Number | Koha item type |
|---|---|---|---|---|---|---|---|---|---|
| RRII Library | RRII Library | 16/12/2021 | 575.113+58/581 RED;1 | 20011 | Books |